|
|
|
|
| LEADER |
00860nam a2200229 i 4500 |
| 001 |
misc74425 |
| 005 |
20231221134001.0 |
| 008 |
231211s1950 hu o 000 hun d |
| 040 |
|
|
|a SZTE Miscellanea Repozitórium
|b hun
|
| 041 |
|
|
|a hun
|
| 100 |
1 |
|
|a Bona Imre
|
| 245 |
1 |
0 |
|a Földrajz
|h [elektronikus dokumentum] :
|b az általános iskolák VII. osztálya számára /
|c Bona Imre
|
| 260 |
|
|
|a Tankönyvkiadó
|b Budapest
|c 1950
|
| 300 |
|
|
|a 175
|c 20 cm
|
| 561 |
|
|
|a Archív földrajztankönyvek
|
| 591 |
|
|
|a Dr. Szilassi Péter magángyűjteménye
|
| 650 |
|
4 |
|a Természettudományok
|
| 650 |
|
4 |
|a Föld- és kapcsolódó környezettudományok
|
| 695 |
|
|
|a Földrajz - általános iskola - tankönyv
|
| 700 |
0 |
1 |
|a Pécsi Márton
|e aut
|
| 700 |
0 |
1 |
|a Udvarhelyi Károly
|e aut
|
| 856 |
4 |
0 |
|u http://misc.bibl.u-szeged.hu/74425/1/foldrajz_tankonyv_001.pdf
|z Dokumentum-elérés
|